|
|
|
|
| LEADER |
00819nab a2200241 i 4500 |
| 001 |
acta73590 |
| 005 |
20231107081312.0 |
| 008 |
211104s2018 hu o 0|| hun d |
| 020 |
|
|
|a 978-963-306-621-8
|
| 022 |
|
|
|a 0324-6523
|
| 040 |
|
|
|a SZTE Egyetemi Kiadványok Repozitórium
|b hun
|
| 041 |
|
|
|a hun
|
| 100 |
1 |
|
|a Kuruczleki Éva
|
| 245 |
1 |
0 |
|a Klubjavak, konvergencia és komplexitás az Európai Unióban
|h [elektronikus dokumentum] /
|c Kuruczleki Éva
|
| 260 |
|
|
|c 2018
|
| 300 |
|
|
|a 41-60
|
| 490 |
0 |
|
|a Acta Universitatis Szegediensis : acta juridica et politica
|v 82
|
| 650 |
|
4 |
|a Társadalomtudományok
|
| 650 |
|
4 |
|a Jogtudomány
|
| 695 |
|
|
|a Európai Unió
|
| 700 |
0 |
1 |
|a London András
|e aut
|
| 700 |
0 |
1 |
|a Pelle Anita
|e aut
|
| 856 |
4 |
0 |
|u http://acta.bibl.u-szeged.hu/73590/1/juridpol_082_041-060.pdf
|z Dokumentum-elérés
|